| 000 | 01050cam a22003138a 4500 | ||
|---|---|---|---|
| 001 | 17343385 | ||
| 003 | OSt | ||
| 005 | 20150408114148.0 | ||
| 008 | 120612s2012 enk 000 0 eng | ||
| 010 | _a 2012022398 | ||
| 020 | _a9780415638395 | ||
| 020 | _a9780415638401 (pbk.) | ||
| 020 | _a9780203082423 (ebook) | ||
| 040 |
_aDLC _cDLC |
||
| 042 | _apcc | ||
| 050 | 0 | 0 |
_aP53.42 _b.B74 2012 |
| 082 | 0 | 0 |
_a418.0071 _223 _bBJT |
| 100 | 1 |
_aBuck, Jemma. _939035 |
|
| 245 | 1 | 0 |
_aTeaching and learning languages : _ba practical guide to learning by doing / _cJemma Buck and Christopher Wightwick. |
| 260 |
_aMilton Park, Abingdon, Oxon ; _aNew York : _bRoutledge, _c2012. |
||
| 263 | _a1111 | ||
| 300 | _ap. cm. | ||
| 650 | 0 |
_aLanguage and languages _xStudy and teaching. |
|
| 650 | 0 |
_aGroup work in education. _938841 |
|
| 700 | 1 |
_aWightwick, Christopher. _939036 |
|
| 906 |
_a0 _bvip _corignew _d1 _eecip _f20 _gy-gencatlg |
||
| 942 |
_2ddc _cBOOK |
||
| 999 |
_c31741 _d266241 |
||